| 000 | 01257nam a2200361 c 4500 | ||
|---|---|---|---|
| 999 |
_c88244 _d88244 |
||
| 003 | BLK | ||
| 005 | 20250710104542.0 | ||
| 008 | 180408b bul|||||r ||||||| ||bul|| | ||
| 010 | _aKNG00092904000 | ||
| 020 | _a978-954-491-499-8 | ||
| 040 | _aBLK | ||
| 041 |
_aBUL _cBUL |
||
| 080 |
_aБългарска литература _b821.163.2 _x-93-1 _z821.163.2-93-1 |
||
| 100 | 1 |
_aДългъчева, Мая Георгиева _9289222 |
|
| 139 |
_aДългъчева, Мая Георгиева _bД 95 |
||
| 245 | 1 | 0 |
_aКоледните чудеса _bРимувани приказки _cМая Георгиева Дългъчева; ил. Капка Кънева. |
| 257 | _aBGR | ||
| 260 |
_bЖанет 45 _c2008 |
||
| 300 |
_a32 с. _bс цв. ил. _c28 см |
||
| 380 | _aDX | ||
| 653 | _aКоледа | ||
| 653 | _aприказки | ||
| 653 | _aлитература за деца | ||
| 653 | _aдетска литература | ||
| 700 | 1 |
_aКънева, Капка _eил. _9372738 |
|
| 852 | _aЦб ІІ 15905 | ||
| 856 | 4 | _qpdf | |
| 856 | 4 | _qpdf | |
| 942 |
_cKNG _n0 _s1 _015 |
||
| 944 |
_aCR _c03.12.2009 _lБояна Костадинова _k30551 |
||
| 944 |
_aED _c05.01.2018 _lф / _kЛюдмила_Стоянова |
||
| 999 | _d88244 | ||